000 00862nam a2200241Ia 4500
003 GCL
008 140319s9999 xx 000 0 ara d
020 _a1820369953
040 _aGCL /
_cGCL
082 0 4 _a320.092
_bن د
100 1 _aمحمود برهوم
245 1 0 _aديك تشينى رئيس امريكا الفعلى /
_cمحمود برهوم
700 1 _aرغدة محمد حسن عزيزية
700 1 _aنيكولز، جون
250 _aالاولى
260 _aبيروت :
_bالمؤسسة العربية للدراسات والنشر ،
_c2006
300 _a200 ص ؛
_c24 سم
650 0 4 _aالسياسيون - تراجم
650 0 4 _aالولايات المتحدة الامريكية - الاحوال السياسية
650 0 4 _aالسياسيون الامريكيون
650 0 4 _aديك تشينى
942 _2ddc
_cBK
999 _c9451
_d9451